| 000 | 01436nam a22002055i 4500 | ||
|---|---|---|---|
| 001 | 156065 | ||
| 003 | ES-MaACL | ||
| 005 | 20230906210316.0 | ||
| 008 | 000911s1888 sp ag |||| | spa d | ||
| 040 |
_aCCPB | B _bspa _cCCPB | B |
||
| 100 | 1 |
_aInzenga, José ( _d1828-1891) _9128190 |
|
| 245 | 1 | 0 |
_aCantos y bailes populares de España / _cpor J. Inzenga. |
| 260 |
_aMadrid : _bA. Romero, _c1888 ( _fimprenta de José M. Ducazcal) |
||
| 300 |
_aXXII, 84 , 10, p. 45 p. de partituras. ; _c29 cm. |
||
| 505 | 8 | _aContiene: Cantos y bailes de Valencia. Cantos y bailes de Murcia | |
| 597 | _aMúsica impresa. | ||
| 650 | 4 |
_aCanciones populares- _zEspaña. _910733 |
|
| 650 | 4 |
_aBailes populares- _zEspaña. _9162649 |
|
| 852 |
_aES-MaACL _jT-1238-F-4 _z-- Enc. hol., conservando la cub. original _z-- De la parte de Murcia las pp. 13-16 de partituras mal enc., delante del texto. _x-- Edic.: en este ejemp. la parte correspondiente a Valencia tiene 84 p., de las cuales, de la p. 27-50, son partituras, precedidas por una portadilla grab. calc.: "F. Echevarria" -- Además hay 45 p., correspondientes a Murcia, de las cuales de la 13-45 son partituras, precedidas también por una portadilla grab. calc.: F. Echevarría. Esta segunda parte, por lo visto en los catálogos del CSIC y en REBIUM, debería tener 80 p. y probablemente también abarcaría Galicia. Según Palau, restos de esta ed. se reeditaron en el S. XX con una cub. nueva. |
||
| 999 |
_c156065 _d156065 |
||